Online katalóg knižníc regiónu Turca

Romanca (Record no. 20729)

MARC details
000 -LEADER
fixed length control field 01470cam a2200433 a 4500
001 - CONTROL NUMBER
control field 20729
003 - CONTROL NUMBER IDENTIFIER
control field VRT
005 - DATE AND TIME OF LATEST TRANSACTION
control field 20260130144353.0
008 - FIXED-LENGTH DATA ELEMENTS--GENERAL INFORMATION
fixed length control field 160208s1997 xo ra 0000f slo
015 ## - NATIONAL BIBLIOGRAPHY NUMBER
National bibliography number SNBA1997/0902526
020 ## - INTERNATIONAL STANDARD BOOK NUMBER
International Standard Book Number 8022007404
035 ## - SYSTEM CONTROL NUMBER
System control number SNK000236615
035 ## - SYSTEM CONTROL NUMBER
System control number urn:nbn:sk:snk-amkg9q
035 ## - SYSTEM CONTROL NUMBER
System control number urn:nbn:sk:snk-am008fso
035 ## - SYSTEM CONTROL NUMBER
System control number 887D78E4-B7E2-4E9B-8122-5733F60DEB34
039 #9 - LEVEL OF BIBLIOGRAPHIC CONTROL AND CODING DETAIL [OBSOLETE]
Level of rules in bibliographic description 202206230900
Level of effort used to assign nonsubject heading access points csnk01
Level of effort used to assign subject headings 202206230900
Level of effort used to assign classification csnk01
Level of effort used to assign subject headings 202101091011
Level of effort used to assign classification AUTHORITY
Level of effort used to assign subject headings 202101090944
Level of effort used to assign classification AUTHORITY
040 ## - CATALOGING SOURCE
Original cataloging agency SNK
Language of cataloging slo
Transcribing agency SNK
Description conventions AACR2
041 1# - LANGUAGE CODE
Language code of text/sound track or separate title slo
Language code of original eng
044 ## - COUNTRY OF PUBLISHING/PRODUCING ENTITY CODE
MARC country code xo
ISO country code SK
080 ## - UNIVERSAL DECIMAL CLASSIFICATION NUMBER
Universal Decimal Classification number 820 (73)-3
Edition identifier 1981
100 1# - MAIN ENTRY--PERSONAL NAME
Personal name McBain, Ed,
Dates associated with a name 1926-2005
Relationship aut
240 10 - UNIFORM TITLE
Uniform title Romance
Language of a work Slovensky
245 10 - TITLE STATEMENT
Title Romanca
Statement of responsibility, etc. Ed McBain ; [preklad Jozef Kováč]
250 ## - EDITION STATEMENT
Edition statement 1. vyd.
260 ## - PUBLICATION, DISTRIBUTION, ETC.
Place of publication, distribution, etc. Bratislava
Name of publisher, distributor, etc. Slovenský spisovateľ
Date of publication, distribution, etc. c1997
300 ## - PHYSICAL DESCRIPTION
Extent 200 s.
Dimensions 21 cm
490 1# - SERIES STATEMENT
Series statement Zelená knižnica
500 ## - GENERAL NOTE
General note Preložené z angličtiny
655 #7 - INDEX TERM--GENRE/FORM
Genre/form data or focus term americké romány
Source of term SNKPH
655 #7 - INDEX TERM--GENRE/FORM
Genre/form data or focus term detektívne romány
Source of term SNKPH
700 1# - ADDED ENTRY--PERSONAL NAME
Personal name Kováč, Jozef
Relationship trl
830 #0 - SERIES ADDED ENTRY--UNIFORM TITLE
Uniform title Zelená knižnica
911 ## - EQUIVALENCE OR CROSS-REFERENCE-CONFERENCE OR MEETING NAME [LOCAL, CANADA]
Meeting name or jurisdiction name as entry element KN 1997/09
Number [OBSOLETE] 02526
942 ## - ADDED ENTRY ELEMENTS (KOHA)
Source of classification or shelving scheme Dewey Decimal Classification
Koha item type Krásna literatúra pre dospelých
Suppress in OPAC No
949 ## - LOCAL PROCESSING INFORMATION (OCLC)
9 P60, <09>, [BOOK], {629}
a snkC 1084
b snk2040/970513
949 ## - LOCAL PROCESSING INFORMATION (OCLC)
6 17A0063125
9 P60, <03>, [BOOK], {603}
a snkSC 93018
b snkKSP 4624/97
s 6100:20140925
949 ## - LOCAL PROCESSING INFORMATION (OCLC)
6 17A0063126
9 P60, <04>, [BOOK], {605}
a snkSC 93018 D1
b snkKSP 4625/97
Holdings
Stav vyradenia Strata Poškodenie Spôsob nadobudnutia Domovská knižnica Aktuálna knižnica Dátum nadobudnutia Total checkouts Čiarový kód exemplára Date last seen Typ exemplára
      Dar Obecná knižnica Horná Štubňa Obecná knižnica Horná Štubňa 30.01.2026   9788022007405 30.01.2026 Krásna literatúra pre dospelých
Projekt je podporený Slovenskou asociáciou knižníc
Prevádzkuje Turčianska knižnica Martin 2026